[Event "Guillermo Garcia Memorial U16 op 29th"]
[Site "Santa Clara"]
[Date "2022.05.05"]
[Round "4"]
[White "Villar Lopez, Carlos Daniel"]
[Black "Almaguel Mendez, Adrian Jesus"]
[Result "1-0"]
[WhiteElo "1668"]
[BlackElo "1768"]
[PlyCount "103"]
[EventDate "2022.05.02"]
[EventType "swiss"]
[EventRounds "7"]
[EventCountry "CUB"]
[SourceTitle "EXT 2023"]
[Source "ChessBase"]
[SourceDate "2022.10.05"]
[SourceVersion "1"]
[SourceVersionDate "2022.10.05"]
[SourceQuality "1"]

1. e4 c5 2. Nf3 d6 3. d4 cxd4 4. Nxd4 Nf6 5. Nc3 a6 6. Be2 e6 7. Be3 Qc7 8. 0-0 b5 9. a3 Bb7 10. f3 Nbd7 11. Qe1 Rc8 12. Qf2 Ne5 13. Rad1 Nc4 14. Bxc4 Qxc4 15. Rd2 Be7 16. Rfd1 b4 17. axb4 Qxb4 18. Nb3 d5 19. e5 Nd7 20. Qg3 Rg8 21. f4 Rc4 22. Qh3 h6 23. Bd4 Nc5 24. f5 Nxb3 25. cxb3 Rxd4 26. Rxd4 Bc5 27. Ne2 Bc8 28. Kh1 Bxd4 29. Nxd4 exf5 30. Nxf5 Be6 31. Qd3 Qb6 32. Nd6+ Ke7 33. Qh7 Qxb3 34. Rf1 Qb8 35. h3 a5 36. Kh2 d4 37. Kh1 Qa8 38. Rc1 Qb8 39. Rc5 Bd7 40. Kh2 d3 41. Qxd3 Qxb2 42. Nf5+ Ke8 43. Rxa5 Bc6 44. Nd6+ Kf8 45. Qg3 h5 46. Ra7 Bd5 47. Rd7 g6 48. Qg5 Qc2 49. Qh6+ Rg7 50. Rd8+ Ke7 51. Qg5+ Ke6 52. Qf6# 1-0